<?xml version="1.0" encoding="UTF-8"?>
<record
    xmlns:xsi="http://www.w3.org/2001/XMLSchema-instance"
    xsi:schemaLocation="http://www.loc.gov/MARC21/slim http://www.loc.gov/standards/marcxml/schema/MARC21slim.xsd"
    xmlns="http://www.loc.gov/MARC21/slim">

  <leader>00652nam a22002057a 4500</leader>
  <controlfield tag="005">20260609151052.0</controlfield>
  <datafield tag="010" ind1=" " ind2=" ">
    <subfield code="a">ENG-148804</subfield>
  </datafield>
  <datafield tag="020" ind1=" " ind2=" ">
    <subfield code="a">9789378526053</subfield>
    <subfield code="c">1095.00</subfield>
  </datafield>
  <datafield tag="035" ind1=" " ind2=" ">
    <subfield code="a">EN-132336</subfield>
  </datafield>
  <datafield tag="037" ind1=" " ind2=" ">
    <subfield code="b">DBAD</subfield>
  </datafield>
  <datafield tag="082" ind1=" " ind2=" ">
    <subfield code="2">8</subfield>
    <subfield code="a">381.41521095414</subfield>
  </datafield>
  <datafield tag="100" ind1=" " ind2=" ">
    <subfield code="a">Grewal, Dhruv</subfield>
    <subfield code="9">56776</subfield>
  </datafield>
  <datafield tag="245" ind1=" " ind2=" ">
    <subfield code="a">Marketing/</subfield>
    <subfield code="c">Dhruv Grewal [and] Michael Levy</subfield>
  </datafield>
  <datafield tag="250" ind1=" " ind2=" ">
    <subfield code="a">8</subfield>
  </datafield>
  <datafield tag="260" ind1=" " ind2=" ">
    <subfield code="a">Chennai</subfield>
    <subfield code="b">McGraw Hill Education India Pvt Ltd</subfield>
    <subfield code="c">2026</subfield>
  </datafield>
  <datafield tag="270" ind1=" " ind2=" ">
    <subfield code="a">5/90 Anjana Complex, Butt Road, St. Thomas Mount</subfield>
    <subfield code="b">Chennai</subfield>
    <subfield code="e">600016</subfield>
  </datafield>
  <datafield tag="300" ind1=" " ind2=" ">
    <subfield code="a">686p.</subfield>
    <subfield code="c">28cm(pb)</subfield>
    <subfield code="b">Index</subfield>
  </datafield>
  <datafield tag="700" ind1=" " ind2=" ">
    <subfield code="a">Levy, Michael</subfield>
    <subfield code="e">Author</subfield>
    <subfield code="9">89340</subfield>
  </datafield>
  <datafield tag="942" ind1=" " ind2=" ">
    <subfield code="2">ddc</subfield>
    <subfield code="c">EN</subfield>
    <subfield code="h">381.41521095414</subfield>
    <subfield code="m">GRE</subfield>
    <subfield code="e">8</subfield>
  </datafield>
  <datafield tag="999" ind1=" " ind2=" ">
    <subfield code="c">216567</subfield>
    <subfield code="d">216567</subfield>
  </datafield>
  <datafield tag="952" ind1=" " ind2=" ">
    <subfield code="0">0</subfield>
    <subfield code="1">0</subfield>
    <subfield code="4">0</subfield>
    <subfield code="7">1</subfield>
    <subfield code="8">NFIC</subfield>
    <subfield code="a">DBAD</subfield>
    <subfield code="b">DBAD</subfield>
    <subfield code="d">2026-06-09</subfield>
    <subfield code="e">Delivery of Books Act Division</subfield>
    <subfield code="g">1095.00</subfield>
    <subfield code="l">0</subfield>
    <subfield code="o">381.41521095414 GRE</subfield>
    <subfield code="p">EN-132336</subfield>
    <subfield code="r">2026-06-09 15:11:18</subfield>
    <subfield code="t">1</subfield>
    <subfield code="v">1095.00</subfield>
    <subfield code="w">2026-06-09</subfield>
    <subfield code="y">EN</subfield>
  </datafield>
</record>
